Konsumpcja w procesie sterowania wzrostem gospodarczym

Gespeichert in:
Bibliographische Detailangaben
1. Verfasser: Ryc, Kazimierz
Format: Buch
Sprache:Polnisch
Veröffentlicht: Warszawa Wydawnictwo Naukowe 1980
Tags: Tag hinzufügen
Keine Tags, Fügen Sie das erste Tag hinzu!

MARC

LEADER 00000nam a2200000 4500
001 c142477
005 20041019155324.9
041 0 |a pol 
044 |a PL 
245 1 0 |a Konsumpcja w procesie sterowania wzrostem gospodarczym  |c Kazimierz Ryc 
264 1 |a Warszawa  |b Wydawnictwo Naukowe  |c 1980 
300 |a 229 s. 
100 1 |a Ryc, Kazimierz